Elementarnyj kurs soprotivlenija materialov /

Gespeichert in:
Bibliographische Detailangaben
1. Verfasser: Kinasošvili, R.S (Verfasst von)
Format: Buch
Sprache:Russisch
Veröffentlicht: Moskva : GITTL, 1950
Ausgabe:2.pererab.izd.
Schlagworte:
Tags: Tag hinzufügen
Keine Tags, Fügen Sie das erste Tag hinzu!

MARC

LEADER 00000nam a22000003a 4500
001 stu37726
005 20150617225727.7
008 920819s1950----xxr-----------------rus-d
040 |a STU  |b slo 
041 0 |a rus 
044 |a xxr 
080 |a 539.3/.4  |7 stu_us_auth*stu8140 
100 1 |a Kinasošvili, R.S  |4 aut 
245 1 |a Elementarnyj kurs soprotivlenija materialov /  |c [aut.]R.S. Kinasošvili 
250 |a 2.pererab.izd. 
260 |a Moskva :  |b GITTL,  |c 1950 
300 |a 376 s 
650 7 |a pevnosť  |2 stusub 
650 7 |a pružnosť  |2 stusub 
996 |b 284M062101  |c M*1236-1  |l MMKN  |s A  |a 24  |w stu37726_0001